00371pab a2200121 454500008004000000100002000040245008700060260000900147300001000156362001400166650002600180773004300206180718b1984 xxu||||| |||| 00| 0 eng d aRajalakshmi, K. aTechnological retrogression in public sector transport equipment industry in India c1984 a15-28 aOct.-Dec. aGovernment Enterprise aInstitute of Public Enterprise Journal